Lira greca : poesia popolare, elegiaca, giambica, corale ad uso dei licei

Salvato in:
Dettagli Bibliografici
Altri autori: Pizzagalli, A.M. (Redattore)
Natura: Libro
Lingua:italiano
Pubblicazione: Lanciano : Carabba Giuseppe, 1933
Catalogo:EDISCO:  Risultati della ricerca del catalogo della biblioteca
Libro di testo Classificazione:
Serie:Classici greci
Soggetti:
Tags: Aggiungi Tag
Nessun Tag, puoi essere il primo ad aggiungerne!!
Aggiunto a:2016-04-30
Cambiato in:2017-10-18

MARC

LEADER 00000aam a22000001 4500
001 00477
003 OSt
005 20171018092608.0
008 160501s1933 it 000 0 ita
040 |c Antonio Parlati - L'Acquila 
041 1 |a ita 
245 0 0 |a Lira greca :   |b poesia popolare, elegiaca, giambica, corale ad uso dei licei /  |c a cura di A.M. Pizzagalli 
260 |a Lanciano :  |b Carabba Giuseppe,  |c 1933 
300 |a VIII, 293 p., 1/1 ;   |c in 16° 
440 |a Classici greci  |9 524 
510 3 |a 9 
650 4 |a Greco  |9 44 
655 |a Antologia  |9 32 
690 7 |a Secondaria superiore  |9 8  |x Liceo 
700 1 |a Pizzagalli, A.M.  |e Editor  |9 525 
901 |a 1 
942 |2 ddc  |c BK 
546 |a ita 
999 |c 467  |d 467 
999 |c edisco:467  |d 467